000 00485nab a2200145Ia 4500
003 ES-SlBCS
005 20210601133734.0
008 140529s1998 xxu||||| |||| 00| 0 por d
041 _apor
100 1 _aBorges, Bento Itamar
_965725
245 0 0 _aConflito, troca e justiçia: o esclarecimiento desde os pré-socráticos
_c Bento Itamar Borges
650 0 4 _aPresocráticos-Arché
_9208990
773 0 _tEducaçao e Filosofia
_gvol. 12, nº. 24, 1998, págs. 49-64
_wRev1534
942 _cAR
999 _c601340
_d601340